Zmeny v legislatíve upravujúcej popskytovanie podpory pre rozvoj bývania

Dokončenie článku z predchádzajúceho čísla o zmenách v legislatíve upravujúcej poskytovanie podpory pre rozvoj bývania. Program podpory rozvoja bytovej výstavby realizovanej formou poskytovania bankových záruk za úvery.

Enregistré dans:
Détails bibliographiques
Auteur principal: Giller, Pavol
Format: Chapitre de livre
Langue:slovaque
Sujets:
Tags: Ajouter un tag
Pas de tags, Soyez le premier à ajouter un tag!

MARC

LEADER 00000naa a2200000 4500
001 r044842
005 20230927104616.4
041 0 |a slo 
044 |a SK 
245 1 0 |a Zmeny v legislatíve upravujúcej popskytovanie podpory pre rozvoj bývania  |c Pavol Giller 
520 |a Dokončenie článku z predchádzajúceho čísla o zmenách v legislatíve upravujúcej poskytovanie podpory pre rozvoj bývania. Program podpory rozvoja bytovej výstavby realizovanej formou poskytovania bankových záruk za úvery. 
610 2 0 |a bývanie 
610 2 0 |a výstavba bytová 
610 2 0 |a legislatíva 
610 2 0 |a záruka 
610 2 0 |a banky 
610 2 0 |a úver bankový 
100 1 |a Giller, Pavol